| 000 | 00962nam a22002417a 4500 | ||
|---|---|---|---|
| 005 | 20170123164158.0 | ||
| 010 | _aA-339395 | ||
| 020 | _c55.00 | ||
| 035 | _aA-339395 | ||
| 040 |
_aDPL _bPN |
||
| 082 |
_aਕ _bਮੱਕੜ |
||
| 100 |
_aਮੱਕੜ, ਸ਼ਰਨ _9131952 |
||
| 245 |
_aਹਯਾਤੀ ਦਾ ਬਾਦਬਾਂ : _cਸ਼ਰਨ ਮੱਕੜ _bਕਹਾਣੀਆਂ / |
||
| 246 |
_aHayati da badban : short stories / _b by Shran Makkar |
||
| 260 |
_aਅੰਮ੍ਰਿਤਸਰ _bਲੋਕ ਸਾਹਿਤ ਪ੍ਰਕਾਸ਼ਨ _c1987 |
||
| 270 |
_a186, ਗਰੀਨ ਔਵਿਨਿਊ _bਅੰਮ੍ਰਿਤਸਰ |
||
| 300 |
_a139p. _c19cm(Hb) |
||
| 650 |
_aਪੰਜਾਬੀ ਸਾਹਿਤ- ਲਘੂ ਕਹਾਣੀਆਂ _98034 |
||
| 650 |
_aਪੰਜਾਬੀ ਸਾਹਿਤ _9131953 |
||
| 650 |
_aPunjabi Literature- Short stories _98035 |
||
| 650 |
_aPunjabi Literature _9131954 |
||
| 942 |
_2ddc _cPN _hਕ _mਮੱਕੜ |
||
| 999 |
_c110850 _d110850 |
||